00346nam a22001337a 450000500170000000800410001704100120005808200130007010000120008324500230009526000380011830000310015665000250018720240802100925.0240802b |||||||| |||| 00| 0 eng d aEnglish a349 NAT  lEnglish aNatal Law Reports  aPietermaritzburg: bNatal, c1897 bxxvi, 267 pages; c25 cm.  aLegal practice bLaw